Figli diversi. Come vivere serenamente l'omosessualita' in famiglia

Guardat en:
Dades bibliogràfiques
Autor principal: Dall'Orto Giovanni
Format: Llibre
Idioma:idioma desconegut
Publicat: Torino Sonda 1999
Etiquetes: Afegir etiqueta
Sense etiquetes, Sigues el primer a etiquetar aquest registre!

MARC

LEADER 00000nam a2200000Ia 4500
001 285
003 NUMERAZIONE-ORIGINALE-BRESCIA
005 20260206230751.0
008 260206s9999 xx 000 0 und d
100 |a Dall'Orto Giovanni 
245 0 |a Figli diversi. Come vivere serenamente l'omosessualita' in famiglia 
260 |a Torino 
260 |b Sonda 
260 |c 1999 
500 |a Scritto da una madre e da suo figlio 
942 |2 ddc  |c BK  |n 0 
952 |0 0  |1 0  |2 ddc  |4 0  |6 14  |7 0  |9 28484  |a BS  |b BS  |d 2026-02-06  |i 285  |l 0  |o 1-4-*  |r 2026-02-06 22:40:36  |w 2026-02-06  |x [REVISIONARE]  |y BK 
999 |c 24162  |d 24162